كتاب المبرمج JSP / (رقم التسجيلة. 100302)
[ عرض عادي ]
| 000 -الفاتح | |
|---|---|
| عناصر البيانات ثابتة الطول | 00866cam a22001937i 4500 |
| 005 - تاريخ ووقت آخر معاملة | |
| حقل ضبط | 20251108173300.0 |
| 008 - عناصر البيانات ثابتة الطول | |
| عناصر البيانات ثابتة الطول | 250721s2005 sy a gr 000 0 ara d |
| 082 14 - رقم تصنيف ديوي العشري | |
| رقم التصنيف | 005.42 |
| رقم المادة | ش م ع |
| 100 1# - مدخل رئيسي – اسم شخصي | |
| الاسم الشخصي | الشمعة، خالد عبد الستار |
| علاقة الشخص بالعمل/ دوره | معد |
| 245 10 - بيان العنوان | |
| العنوان | كتاب المبرمج JSP / |
| بقية العنوان | عرض شامل لبرمجيات servlet 2.4 و بروتوكول HTTP و JSP 2.0 تغطية لنماذج HTML وتقنية JDBC. |
| بيان المسؤولية | إعداد المهندس خالد عبد الساتر الشمعة, المهندس أسامة العبدالله. |
| 250 ## - بيان الطبعة | |
| بيان الطبعة | الطبعة الأولى. |
| 264 1# - بيانات النشر، التوزيع…إلخ | |
| مكان النشر، التوزيع...إلخ | سوريا : |
| اسم الناشر، الموزع...إلخ | شعاع للنشر والعلوم، |
| تاريخ النشر، التوزيع...إلخ | 2005. |
| 300 ## - الوصف المادي | |
| عدد الوحدات المكونة للوعاء | 709 صفحة. |
| 650 17 - مدخل إضافي بالموضوع - مصطلح موضوعي | |
| مصطلح موضوعي أو اسم جغرافي كعنصر مدخل | البرمجيات |
| 650 17 - مدخل إضافي بالموضوع - مصطلح موضوعي | |
| مصطلح موضوعي أو اسم جغرافي كعنصر مدخل | برامج الحاسوب |
| 700 1# - مدخل إضافي - اسم شخصي | |
| الاسم الشخصي | العبد الله، أسامة |
| علاقة الشخص بالعمل/ دوره | معد |
| 942 ## - بيانات إضافية (كوها) | |
| نوع التنصيف | Dewey Decimal Classification |
| نوع المادة (كوها) | كتب |
| حالة السحب | حالة الفقدان | مصدر التصنيف | حالة التلف | غير قابل للإعارة | المكتبة الرئيسية | المكتبة الحالية | موقع الرف | تاريخ التزويد | الرقم المتسلسل | Total Checkouts | رقم الإستدعاء | الباركود | تاريخ آخر ظهور | تاريخ الفاتورة | نوع المادة (كوها) |
|---|---|---|---|---|---|---|---|---|---|---|---|---|---|---|---|
| Dewey Decimal Classification | المكتبة المركزية | المكتبة المركزية | الإعارة | 28/07/2025 | 1032495 | 005.42/شمع | 1032495 | 28/07/2025 | 28/07/2025 | كتب | |||||
| Dewey Decimal Classification | المكتبة المركزية | المكتبة المركزية | الإعارة | 26/09/2016 | 1627661 | 005.42/شمع | PLD00395901 | 28/07/2025 | 26/09/2016 | كتب |